Vista normal Vista MARC

Entrada Meeting Name

Número de registros utilizados en: 1

001 - CONTROL NUMBER

  • control field: 41023

003 - CONTROL NUMBER IDENTIFIER

  • control field: OSt

005 - DATE AND TIME OF LATEST TRANSACTION

  • control field: 20211007145232.0

008 - FIXED-LENGTH DATA ELEMENTS

  • fixed length control field: 211007|| aca||aabn | a|a d

040 ## - CATALOGING SOURCE

  • Original cataloging agency: OSt
  • Transcribing agency: OSt

111 ## - HEADING--MEETING NAME

  • Meeting name or jurisdiction name as entry element: Asamblea de la Asociación Nacional de Exportadores de Café de Colombia (
  • Date of meeting or treaty signing: 1998 :
  • Location of meeting: Cartagena de Indias, Colombia)

670 ## - SOURCE DATA FOUND

  • Source citation: Work cat.: (OSt)12666: Asamblea de la Asociación Nacional de Exportadores de Café de Colombia ( 1998 : Cartagena de Indias, Colombia), La reconversión de la caficultura en Colombia /, 1998.